| 000 | 00629nam a2200241 a 4500 | ||
|---|---|---|---|
| 001 | 0001-1065 | ||
| 003 | ELIB.Books | ||
| 008 | 141212 2010 eng | ||
| 020 | _a597246 (LCCCN) | ||
| 035 | _a(ELIB.Books)0001-1220 | ||
| 092 |
_a253 _bHil |
||
| 100 | _aHiltner, Seward. | ||
| 245 | _aThe Christian Shepherd: Some Aspects of Pastoral Care | ||
| 260 |
_aNew York: _bAbingdon Press _c1959 |
||
| 300 |
_a190 _c20 Cm |
||
| 500 | _aLibrary | ||
| 650 | _aPastoral Theology | ||
| 856 |
_nKBTS; Library _uKBTS; Elib. |
||
| 942 |
_2ddc _cBK |
||
| 990 | _a1 | ||
| 998 |
_cbat _e2014-12-12 |
||
| 999 |
_c11065 _d11065 |
||